Представление документа в формате RUSMARC

ПолеНазваниеЗначение
  Тип записи a
  Библиографический уровень c
001 Контрольный номер RU/SLIB/B/208720941
005 Дата корректировки 20201206203944.0
010 Индекс ISBN __
a ISBN (в пер.)
d Цена 100-00; 45-00
100 Данные общей обработки __
a Данные общей обработки 19170505d1987||||||| 0rusy0189 ca
101 Язык документа 0_
a Язык текста rus
102 Страна публикации __
a Страна публикации ru
105 Кодированные данные (монография) __
a Кодированные данные (монография) с|||||||000zy
200 Заглавие и сведения об ответственности 1_
a Заглавие Семейная хроника ; Детские годы Багрова-внука
f Первые сведения об ответственности С. Т. Аксаков ; [вступительная статья и примечания С. Машинского]
b Общее обозначение материала Текст
210 Выходные данные __
a Место издания Москва
c Издательство Правда
d Дата издания 1987
215 Физическое описание __
a Объем 544 с.
c Иллюстрации/тип воспроизводства портр.
d Формат 21 см
300 Общие примечания __
a Общие примечания 500000 экз.
327 Примечание о содержании __
a Примечание о содержании Детские годы Багрова-внука
330 Аннотация __
a Аннотация Реалистично воссозданы картины помещичьей жизни, деревенской и городской конца XVIII - начала XIX века.
517 Другие варианты заглавия __
a Другие варианты заглавия Детские годы Багрова-внука
606 Тематические рубрики __
a Основная рубрика Художественная литература
606 Тематические рубрики __
a Основная рубрика Русская литература XIX в. (произведения)
610 Ключевые слова __
a Ключевые слова автобиографическая проза
a Ключевые слова автобиографические повести
a Ключевые слова автобиографические произведения
a Ключевые слова автобиографические рассказы
a Ключевые слова классическая литература
a Ключевые слова повести
a Ключевые слова рассказы
a Ключевые слова русская классика
a Ключевые слова русская классическая литература
a Ключевые слова тема города
a Ключевые слова тема деревни
a Ключевые слова тема детей
a Ключевые слова тема детства
a Ключевые слова тема жизни
a Ключевые слова тема помещиков
686 Индексы других классификаций __
2 Код системы rubbks
a Классификационный индекс 84(2=411.2)52-4; ст84(2Рос=Рус)1-4
700 Автор _1
a Фамилия Аксаков
b Имя С. Т.
f Даты 1791-1859
g Полное личное имя Сергей Тимофеевич
4 Код отношения 070
702 Вторичная интеллектуальная ответственность _1
a Фамилия Машинский
b Имя С.
4 Код отношения Автор предисловия и т.д.
4 Код отношения 080
4 Код отношения 212
801 Источник записи _0
a Страна ru
b Организация Муниципальное бюджетное учреждение культуры "Централизованная библиотечная система" г. Сургут (Центральная городская библиотека им. А. С. Пушкина)
c Дата составления 20170505
g Правила каталогизации КиК/Тесленко; КиК/Елгина; КиК/Апакова
801 Источник записи _1
a Страна ru
b Организация Муниципальное бюджетное учреждение культуры "Централизованная библиотечная система" г. Сургут (Центральная городская библиотека им. А. С. Пушкина)
c Дата составления 20170505
g Правила каталогизации КиК/Тесленко; КиК/Елгина; КиК/Апакова
852 Данные о местонахождении __
j Шифр хранения 84(2=411.2)52-4
c Каталожный индекс 84(2Рос=Рус)1-4
i Авторский знак А 41
p Инвентарный номер 05070199; 30117
901 Тип документа _1
t Тип документа x
903 Характеристики (МАРС) __
a Дата передачи 20170505; 20050811; 20030625; 20010615
969 Тип издания __
a Тип издания сборник
990 Данные о заказе (DOS) __
j Количество экземпляров (DOS) 1; 1
t N записи в КСУ для И/У (DOS) 201705; 200507